000 00924nas a2200313 4500
001 BR9213857
003 BR-BrBNA
005 20231205095133.0
007 ta
008 230509b bl.|||p| |||| 00| 00por d
040 _aBR-BrBNA
_bpor
_cBiblioteca Nacional de Agricultura
041 _a(Pt)
072 _aL53
100 1 _aBenintendi, R.P.
100 1 _aCardoso, V.L.
100 1 _aFreitas, M.A.R. de
100 1 _aBonilha Neto, L.M.
100 1 _aGuilhermino, M.M.
100 1 _aPires, F.L.
245 1 _aIndices zootecnicos de um rebanho da raca gir em selecao para producao de leite
650 _aGado Gir
650 _aProducao Leiteira
650 _aRaca
650 _aReproducao Animal
650 _aLactacao
773 0 _tBoletim de Industria Animal (Brazil)
_xISSN 0067-9615
_g(Jan-Jun 1988), v. 45(1) p. 119-131
_wBR9213857
909 _a202311
_bLúcia
_c55
_dLúcia Elande
942 _2AGRIS
_n0
_cANA
999 _c148856
_d148856